00676nam a2200205Ia 4500008004100000020001800041050001900059050001400078100002000092245006100112245006400173245003900237260001500276260002900291260000900320300001600329300001100345500005100356650006300407180523s9999 xx 000 0 und d a0-19-512566-5 aMAIN HF 5548.2 b.R57 1999 aRipin, Kathy M. 0aInsider strategies for outsourcing information systems : 0bbuilding productive partnership, avoiding seductive traps / 0cKathy M. Ripin, Leonard R. Sayles. aNew York : bOxford University Press, c1999 a274 pages : c24 cm. aIncludes bibliographical references and index. aElectronic data processing departments -- Contracting out.